000 00670nam a2200229Ia 4500
005 20250108125152.0
008 008 250107s9999 xx 000 0 eng d
037 _aTB
040 _aCRL
_beng
_cCRL
041 _aeng
_2eng
084 _aI R1
084 _qCRL
100 _aNamwar Singh Au.; Akhilesh Kumar Tr.
_9730510
245 0 _aSearch of an alternative tradition
_cNamwar Singh Au.; Akhilesh Kumar Tr.
260 _aNew Delhi, India
_bSahitya Akademi
_c3522
300 _acxvi,180p.
365 _aINR
_b8803
546 _aTranslated from Hindi to English
650 _aHindi Literature
_923866
942 _cTB
_hI R1
999 _c1235910
_d1235910